| 000 | 01711nam a2200241Ia 4500 | ||
|---|---|---|---|
| 003 | Ost | ||
| 005 | 20260507075300.0 | ||
| 008 | 260507s9999||||xx |||||||||||||| ||und|| | ||
| 040 | _cfsecg | ||
| 041 | _aara | ||
| 082 | _a330 | ||
| 100 |
_aالفلاح، علي نائل _eمؤلف |
||
| 245 | 0 |
_aإدارة الإشراف الداخلي في الفنادق : _bالغرف 02 / _c علي نائل الفلاح |
|
| 260 |
_aعمان: _bدار زهران, _c[دون تاريخ] |
||
| 300 |
_a226 صفحة؛ _bإيضاحات ؛ _c24 سم |
||
| 490 |
_aسلسلة كتب الفندقة و السياحة _v44 |
||
| 520 | _aادارة قسم الغرف أو قسم التدبير الفندقي و الهيكل التنظيمي له ، مديرة التدبير الفندقي : مسؤولياتها ، مواصفاتها وواجباتها ، احتياطات الأمن الواجب اتخاذها من قبل الادارة و المديلرة ، مساعدة مديرة التدريب الفندقي ، مشرفي الطوابق ، المدربات و عمال النظافة و الفراشين ، غرف البياضات و طرق المراقبة على بياضات الفندق و أهداف الموازنة ، المستندات التي تصدر من قسم التدريب الفندقي و علاقة القسم بالاقسام الاخرى ، قسم اللوندري ( المكوى) المصبغة و احتياطات الأمن الواجب توفرها في قسم اللوندري ، قسم الصيانة و قسم المهندسين. | ||
| 653 | _aالادارة | ||
| 653 | _aالسياحة | ||
| 653 | _aالفنادق | ||
| 653 | _aالفنادق ــ ادارة | ||
| 942 | _cكتاب | ||
| 999 |
_c43788 _d43788 |
||